00665nam a2200193Ia 4500952014700000999001700147003000400164005001700168008004100185020001800226040000900244082002200253100002400275245005700299260004300356300000900399650001300408942005000421 00102ddc40708POLITICAL SCIENCEaMESbMEScPOLd2019-02-20g100.00l0o320.533019 VAR/Fp39239r2019-02-20 00:00:00w2019-02-20yBKzGL10R1 c35033d35033OSt20200201142000.0190216s9999||||xx |||||||||||||| ||und|| a9798188779368 coclc a320.533019bVAR/F aVarghese, K C91776 0aFaschisathinte Alkkotta Manasasthram /cK C Varghese bOlive Publications,c2010.aKozhikode: a157p aPolitics cBK2ddch320.533019iVAR/Fk320.533019mVAR/F